000 00725cam a22002295i 4500
001 18197688
005 20180201081708.0
008 140623s2014 nyu 000 0 eng
010 _a 2014943983
020 _a9781631179389 (softcover)
040 _aDLC
_beng
_erda
_cDLC
041 _aeng
042 _apcc
080 _a54 mar
100 _a12
101 _akim
245 0 0 _aStaphylococcus aureus and coagulase-negative staphylococci :
_c[edited by] Maria de Lourdes Ribeiro de Souza da Cunha.
263 _a1409
906 _a0
_bibc
_corignew
_d2
_eepcn
_f20
_gy-gencatlg
942 _2ddc
_cBK
999 _c41540
_d41540